L'industria petrolchimica in Italia: anatomia di una crisi

Сохранить в:
Библиографические подробности
Главные авторы: Ranci, P (Автор), Vaccà, S (Автор)
Формат:
Язык:итальянский
Опубликовано: Milán Franco Angeli 1979
Серии:Economia delle fonti di energia
Предметы:
Метки: Добавить метку
Нет меток, Требуется 1-ая метка записи!

MARC

LEADER 00000nam a2200000 a 4500
001 UCU6601
003 CL-VaPUC
008 960621e19790000IT |||||||||||||||||ita|d
082 0 4 |a 338.476  |b RAN  |2 21 
100 0 |a Ranci, P  |e author  |9 364866 
700 0 |a Vaccà, S  |e author  |9 364867 
245 1 2 |a L'industria petrolchimica in Italia: anatomia di una crisi 
300 |a 353 p 
942 |c BK 
945 |d 19960621 00:00:00  |a lriquelm 
260 |a Milán  |b Franco Angeli  |c 1979 
650 0 |a Industrias   |9 263688 
650 0 |a Industria energética   |9 364868 
650 0 |a Industria del petróleo   |9 261973 
650 7 |a PETROLEO  |2 CL-VaPUC  |9 320865 
650 7 |a PRODUCTOS DEL PETROLEO  |2 CL-VaPUC  |9 364869 
650 7 |a INDUSTRIA PETROLIFERA  |2 CL-VaPUC  |9 364004 
651 0 |a Italia  |9 254949 
583 |a last modification  |c 19960621 00:00:00  |k Rodrigo Vera 
490 0 |a Economia delle fonti di energia 
999 |c 249456  |d 249454 
952 |0 0  |1 0  |4 0  |6 338_476000000000000_RAN_1979  |7 0  |8 A  |9 266727  |a BIBING  |b BIBING  |d 2019-11-19  |i 1689746  |o 338.476 RAN 1979  |p 1689746  |r 2025-01-20  |w 2019-11-19  |y BK  |k EII